Statistics for Los Angeles Lakers Leaders Per Year

Click here to take the quiz!

General Stats

  • This quiz has been taken 5,349 times
    (3,448 since last reset)
  • The average score is 21 of 66

Answer Stats

Player% Correct
LeBron James
100%
Kobe Bryant
98%
Anthony Davis
96%
Shaquille O'Neal
95%
Jerry West
94%
Ed Davis
93%
Magic Johnson
92%
Kareem Abdul-Jabbar
90%
Wilt Chamberlain
77%
Pau Gasol
76%
Russell Westbrook
73%
James Worthy
70%
Elgin Baylor
67%
D'Angelo Russell
61%
Dwight Howard
59%
George Mikan
57%
Lonzo Ball
54%
Julius Randle
49%
Julius Randle
49%
Steve Nash
44%
Lamar Odom
36%
Andrew Bynum
35%
Ron Artest
35%
A.C. Green
32%
Gail Goodrich
29%
Byron Scott
28%
Gary Payton
27%
Eddie Jones
26%
Nick Van Exel
25%
Vlade Divac
25%
Nick Young
23%
JaVale McGee
22%
Elmore Smith
20%
Lou Williams
20%
Brook Lopez
19%
Norm Nixon
16%
Derek Harper
14%
Trevor Ariza
12%
Vern Mikkelsen
12%
Cedric Ceballos
11%
Smush Parker
11%
Ivica Zubac
9%
Jordan Hill
9%
Elden Campbell
8%
Slater Martin
7%
Roy Hibbert
6%
Clyde Lovellette
5%
Happy Hairston
5%
Jim Pollard
5%
Lucius Allen
5%
Chris Mihm
4%
Marcelo Huertas
4%
Maurice Lucas
4%
Sedale Threatt
4%
Anthony Peeler
3%
Caron Butler
3%
Jodie Meeks
3%
Ramon Sessions
3%
Ronnie Price
3%
Darrall Imhoff
2%
Don Chaney
2%
Hot Rod Hundley
2%
Kendall Marshall
2%
Larry Foust
2%
Slick Leonard
2%
Whitey Skoog
2%

Score Distribution

Percentile by Number Answered

Percent of People with Each Score

Your Score History

You have not taken this quiz since the last reset